| 000 | 00523nam a2200193 a 4500 | ||
|---|---|---|---|
| 020 | _a0815138466 | ||
| 040 | _cInIVT | ||
| 082 | 0 | 0 | _a574 MOS 1996 A031 Or. |
| 100 | 1 | _aAlters, Sandra. | |
| 245 | 1 | 0 |
_aBiology : _bunderstanding life / |
| 250 | _a2nd ed. | ||
| 260 |
_aSt. Louis : _bMosby, _cc1996. |
||
| 300 |
_axxxiv, 845 p. : _bill. (some col.), col. maps ; _c28 cm. |
||
| 500 | _aPrevious ed. has title: Biology today. | ||
| 650 | 0 | _aBiology. | |
| 650 | 0 | _aHuman biology. | |
| 700 | 1 | _aAlters, Sandra. | |
| 942 | _cEK | ||
| 999 |
_c11958 _d11958 |
||